Text book of fluid mechanics (Record no. 10484)

000 -LEADER
fixed length control field 00445nam a22001817a 4500
001 - CONTROL NUMBER
control field 10484
003 - CONTROL NUMBER IDENTIFIER
control field BD-DhUET
008 - FIXED-LENGTH DATA ELEMENTS--GENERAL INFORMATION
fixed length control field 150207b xxu||||| |||| 00| 0 eng d
040 ## - CATALOGING SOURCE
Original cataloging agency DLC
Transcribing agency DLC
Modifying agency BD-DhUET
082 ## - DEWEY DECIMAL CLASSIFICATION NUMBER
Classification number 620.1113
Item number KHU/1987
100 ## - MAIN ENTRY--PERSONAL NAME
Personal name Khurmi, R. S.
245 ## - TITLE STATEMENT
Title Text book of fluid mechanics
250 ## - EDITION STATEMENT
Edition statement 14th ed.
260 ## - PUBLICATION, DISTRIBUTION, ETC. (IMPRINT)
Place of publication, distribution, etc. New York
Name of publisher, distributor, etc. S.Chand & Company
Date of publication, distribution, etc. 1987
300 ## - PHYSICAL DESCRIPTION
Extent 639p.
650 #0 - SUBJECT ADDED ENTRY--TOPICAL TERM
Topical term or geographic name as entry element Mechanics of Fluids
942 ## - ADDED ENTRY ELEMENTS (KOHA)
Koha item type General Book
Holdings
Koha issues (times borrowed) Koha full call number Location (home branch) Shelving location Koha date last borrowed Koha item type Copy number Lost status Withdrawn status Not for loan Price effective from Damaged status Sublocation or collection (holding branch) Source of classification or shelving scheme Koha normalized classification for sorting Koha date last seen Piece designation (barcode) Date acquired
2620.1113/KHU/1987Central Library, BUETCirculation section2019-10-15General Book1   2015-02-07 Central Library, BUET 620_111300000000000_KHU_19872021-10-03679502015-02-07
 620.1113/KHU/1987Central Library, BUETCirculation section General Book2   2015-02-07 Central Library, BUET 620_111300000000000_KHU_19872016-12-17679482015-02-07
1620.1113/KHU/1987Central Library, BUETCirculation section2017-08-19General Book3   2015-04-22 Central Library, BUET 620_111300000000000_KHU_19872019-04-24679462015-04-22